Welcome to CU Library Online Public Access Catalogue (OPAC)

MANAGEMENT (Record no. 5902)

MARC details
000 -LEADER
fixed length control field 00450nam a22001817a 4500
005 - DATE AND TIME OF LATEST TRANSACTION
control field 20250521151729.0
008 - FIXED-LENGTH DATA ELEMENTS--GENERAL INFORMATION
fixed length control field 250521b |||||||| |||| 00| 0 eng d
020 ## - INTERNATIONAL STANDARD BOOK NUMBER
International Standard Book Number 978-00771268334
050 ## - LIBRARY OF CONGRESS CALL NUMBER
Classification number HD 31.H4885 HIL
082 ## - DEWEY DECIMAL CLASSIFICATION NUMBER
Edition information AFRICAN ED.
100 ## - MAIN ENTRY--PERSONAL NAME
Personal name McSHANE-HILL
245 ## - TITLE STATEMENT
Title MANAGEMENT
250 ## - EDITION STATEMENT
Edition statement AFRICAN ED.
260 ## - PUBLICATION, DISTRIBUTION, ETC.
Place of publication, distribution, etc. LONDON
Name of publisher, distributor, etc. McGRAW-HILL
Date of publication, distribution, etc. 2009
300 ## - PHYSICAL DESCRIPTION
Extent XIII,600p.,ILLUS.,TABLES,GRAPHS
500 ## - GENERAL NOTE
General note INDEX
942 ## - ADDED ENTRY ELEMENTS (KOHA)
Source of classification or shelving scheme Library of Congress Classification
Koha item type Books
Suppress in OPAC No
999 ## -
-- 5902
-- 5902
Holdings
Withdrawn status Lost status Source of classification or shelving scheme Damaged status Not for loan Collection Home library Current library Shelving location Date acquired Total checkouts Full call number Barcode Date last seen Copy number Price effective from Koha item type
    Library of Congress Classification     Non-fiction Graduate Library (Christ Temple) Graduate Library (Christ Temple) General stacks 05/21/2025   HD 31 .H4885 HIL gsct00001272 05/21/2025 1 05/21/2025 Books
    Library of Congress Classification     Non-fiction Graduate Library (Christ Temple) Graduate Library (Christ Temple) General stacks 05/21/2025   HD 31 .H4885 HIL gsct00001273 05/21/2025 2 05/21/2025 Books
    Library of Congress Classification     Non-fiction Graduate Library (Christ Temple) Graduate Library (Christ Temple) General stacks 05/21/2025   HD 31 .H4885 HIL gsct00001274 05/21/2025 3 05/21/2025 Books
© 2023-2024 Copyright: Central University Libraries. All Rights Reserved | Created by: Mahone Tech Office